| 000 | 00416nam a2200157Ia 4500 | ||
|---|---|---|---|
| 008 | 140925s9999 xx 000 0 und d | ||
| 020 | _a1174-9210 | ||
| 245 |
_aSportscience / _h[electronic resource] |
||
| 260 |
_bSportscience, _cc2014. |
||
| 516 | _aElectronic text | ||
| 650 | _aSports and Recreation. | ||
| 650 | _aSports Science. | ||
| 830 | _aSportscience | ||
| 856 | _uhttp://sportsci.org/ | ||
| 942 | _cEJ | ||
| 999 |
_c275869 _d275869 |
||